Catalog

Record Details

Catalog Search



Heaven for kids  Cover Image Book Book

Heaven for kids / Randy Alcorn ; with Linda Washington.

Summary:

Randy Alcorn adapts his best-selling book "Heaven" for children, using a question-and-answer format to introduce children to biblical truths about Heaven.

Record details

  • ISBN: 9781414310404
  • ISBN: 1414310404
  • Physical Description: xviii, 196 pages : illustrations ; 21 cm.
  • Publisher: Carol Stream, Ill. : Tyndale House Pub., ©2006.

Content descriptions

Bibliography, etc. Note:
Includes bibliographical references.
Formatted Contents Note:
Why should we look forward to heaven? -- What can we know about heaven? -- After we die, then what? -- How will we relate to God in heaven? -- What is the new earth? what will it be like? -- Who rules? -- What will our lives in heaven be like? -- Who will we hang out with in heaven? -- Will animals live on the new earth? -- What will we do in heaven? -- How can we know were going to heaven? -- The great story that goes on forever.
Subject: Heaven > Christianity > Juvenile literature.

Available copies

  • 0 of 1 copy available at scottsboropl.

Holds

  • 0 current holds with 1 total copy.
Show Only Available Copies
Location Call Number / Copy Notes Barcode Shelving Location Status Due Date
scottsboropl J 236.24 Alc 32269001088528 Juvenile - NonFiction Checked out 04/20/2026

LDR 01687nam a2200313Ia 4500
001148961
003CONS
00520181025090937.0
008100422s2006 ilua j b 001 0 eng d
020 . ‡a9781414310404 ‡q(paperback)
020 . ‡a1414310404 ‡q(paperback)
035 . ‡a(CPomAG)LMN608958
05014. ‡aBT846.3 ‡b.A433 2006
08204. ‡a236/.24 ‡222
1001 . ‡aAlcorn, Randy C.
24510. ‡aHeaven for kids / ‡cRandy Alcorn ; with Linda Washington.
260 . ‡aCarol Stream, Ill. : ‡bTyndale House Pub., ‡c©2006.
300 . ‡axviii, 196 pages : ‡billustrations ; ‡c21 cm.
336 . ‡atext ‡btxt ‡2rdacontent
337 . ‡aunmediated ‡bn ‡2rdamedia
338 . ‡avolume ‡bnc ‡2rdacarrier
504 . ‡aIncludes bibliographical references.
5050 . ‡aWhy should we look forward to heaven? -- What can we know about heaven? -- After we die, then what? -- How will we relate to God in heaven? -- What is the new earth? what will it be like? -- Who rules? -- What will our lives in heaven be like? -- Who will we hang out with in heaven? -- Will animals live on the new earth? -- What will we do in heaven? -- How can we know were going to heaven? -- The great story that goes on forever.
520 . ‡aRandy Alcorn adapts his best-selling book "Heaven" for children, using a question-and-answer format to introduce children to biblical truths about Heaven.
650 0. ‡aHeaven ‡xChristianity ‡vJuvenile literature.
7001 . ‡aWashington, Linda M. ‡q(Linda Marie), ‡d1960-
914 . ‡aSCP_kt
959 . ‡i32269001088528 ‡lJ 236.24 Alc ‡aJuvenile - NonFiction ‡tJuv Nonfiction ‡g14.00
852 . ‡p32269001088528 ‡jJ 236.24 Alc ‡gJuvenile - NonFiction ‡cJuv Nonfiction ‡y14.00 ‡bSBPL
901 . ‡a148961 ‡bUnknown ‡c148961 ‡tbiblio

Additional Resources